000 00721nam a2200253Ia 4500
003 OSt
005 20220925204929.0
006 a|||||r|||| 00| 0
007 ta
008 220923b |||||||| |||| 00| 0 eng d
037 _cGeneral Book
040 _aRTL
_cRTL
_beng
041 _2eng
_aeng
082 _aY:3(P), L9
100 _aPreziosi Donald
_972965
245 0 _aArchitecture, language and meaning
_b The origins of
260 _aHague
_bMouton
_c1979
300 _a122p
_ccm.
490 _aApproaches to Semiotics.49
500 _aBibliography P 115-22
650 _aSociology of Language
_9231513
942 _hY:3(P), L9
_cGB
_2CC
999 _c550807
_d550807